Normal view
MARC view
- Walton-Fisette, Jennifer L.
Entry Personal Name
001 - CONTROL NUMBER
- control field: 66786
003 - CONTROL NUMBER IDENTIFIER
- control field: JO-AjAnu
005 - DATE AND TIME OF LATEST TRANSACTION
- control field: 20251012114725.0
008 - FIXED-LENGTH DATA ELEMENTS
- fixed length control field: 251012|| aca||aabn | a|a d
040 ## - CATALOGING SOURCE
- Original cataloging agency: JO-AjAnu
100 ## - HEADING--PERSONAL NAME
- Personal name: Walton-Fisette, Jennifer L.
- Relator term: Author